La France libérée : 1944-1947 (notice n° 1709792)

détails MARC
000 -LEADER
fixed length control field 01700cam a2200133 4500500
005 - DATE AND TIME OF LATEST TRANSACTION
control field 20260322000832.0
041 ## - LANGUAGE CODE
Language code of text/sound track or separate title fre
042 ## - AUTHENTICATION CODE
Authentication code dc
100 10 - MAIN ENTRY--PERSONAL NAME
Personal name Winock, Michel
Relator term author
245 00 - TITLE STATEMENT
Title La France libérée : 1944-1947
260 ## - PUBLICATION, DISTRIBUTION, ETC.
Name of publisher, distributor, etc. Perrin,<br/>
Date of publication, distribution, etc. 2024.<br/>
520 ## - SUMMARY, ETC.
Summary, etc. Le passé d'une illusionÉté 1944 : La 2e DB entre dans Paris, ouvrant le sacre républicain de Charles de Gaulle aux Champs-Élysées. Un vent d'espoir se lève, appelant à l'édification d'un nouveau régime et d'une nouvelle société. Trois ans plus tard cet espoir a été brisé. La guerre froide acte une nouvelle partition du monde tandis que la IVe république naissante reproduit l'instabilité de la IIIe et l'éternel retour des partis. Chroniqueur inspiré de cette période oubliée, Michel Winock a choisi de la raconter au moyen d'une vingtaine de chapitres couvrant non seulement les grands événements politiques mais aussi culturels, judiciaires et sportifs afin d'offrir un tableau global porté par un rare bonheur d'écriture.Le lecteur voyage ainsi de la Libération à l'épopée de l'Exodus en passant notamment par l'épuration, la crise coloniale, le départ de De Gaulle et la naissance du RPF, les grandes grêves de 1947, mais aussi le tribunal de Nuremberg et le procès Petiot, Sartre et Camus, la loi Marthe Richard, le premier festival de Cannes et le grand retour du Tour de France. Une enquête historique qui interroge sur le Mystère français, ses sempiternelles divisions jurant avec son idéal universaliste et sa capacité immuable à se relever des épreuves.
856 41 - ELECTRONIC LOCATION AND ACCESS
Uniform Resource Identifier <a href="https://shs.cairn.info/la-france-liberee-1944-1947--9782262108496?lang=fr&redirect-ssocas=7080">https://shs.cairn.info/la-france-liberee-1944-1947--9782262108496?lang=fr&redirect-ssocas=7080</a>

Pas d'exemplaire disponible.

PLUDOC

PLUDOC est la plateforme unique et centralisée de gestion des bibliothèques physiques et numériques de Guinée administré par le CEDUST. Elle est la plus grande base de données de ressources documentaires pour les Étudiants, Enseignants chercheurs et Chercheurs de Guinée.

Adresse

627 919 101/664 919 101

25 boulevard du commerce
Kaloum, Conakry, Guinée

Réseaux sociaux

Powered by Netsen Group @ 2025